The Research Project : How to Write it /
La obra es una guía que ayuda en la redacción de un proyecto de investigación. La actual edición incluye ayudas que el usuario puede encontrar en internet en la búsqueda de información así como también un apartado para los profesionales acerca de cómo publicar el trabajo final en revistas especializ...
Uloženo v:
| Hlavní autor: | |
|---|---|
| Médium: | Kniha |
| Jazyk: | angličtina |
| Vydáno: |
Nueva York, EUA :
Routledge,
2000, c2000
|
| Vydání: | 4a edición |
| Edice: | (Study Guides)
|
| Témata: | |
| Tagy: |
Žádné tagy, Buďte první, kdo vytvoří štítek k tomuto záznamu!
|
MARC
| LEADER | 00000nam^a2200000^a^4500 | ||
|---|---|---|---|
| 001 | 000360919 | ||
| 005 | 20250521000000.0 | ||
| 009 | 20260310115436.685 | ||
| 020 | |a 0-415-20520-4 | ||
| 037 | |a Acervo ITESO - Biblioteca | ||
| 041 | |a ING | ||
| 082 | |a 001. 42 |b BER | ||
| 100 | |a Berry, Ralph |e (autor) | ||
| 245 | 1 | 4 | |a The Research Project : |b How to Write it / |c R. Berry. |
| 250 | |a 4a edición | ||
| 264 | 4 | |a Nueva York, EUA : |b Routledge, |c 2000, c2000 | |
| 300 | |a 119 p. | ||
| 336 | |a texto |b txt |2 rdacontenido | ||
| 337 | |a sin mediación |b n |2 rdamedio | ||
| 338 | |a volumen |b nc |2 rdasoporte | ||
| 440 | 1 | |a (Study Guides) | |
| 520 | |a La obra es una guía que ayuda en la redacción de un proyecto de investigación. La actual edición incluye ayudas que el usuario puede encontrar en internet en la búsqueda de información así como también un apartado para los profesionales acerca de cómo publicar el trabajo final en revistas especializadas. | ||
| 649 | |a XX | ||
| 650 | |a Buscadores de Información | ||
| 650 | |a Fuentes de Información | ||
| 650 | |a Comunicación Escrita - |x Técnica | ||
| 650 | |a Investigación - |x Informes - |x Tema Principal | ||
| 650 | |a Investigación - |x Metodología - |x Tema Principal | ||
| 650 | |a Metodología Cualitativa | ||
| 650 | |a Metodología | ||
| 910 | |a Fondo General | ||
| 920 | |a Impresos - Libros | ||
| 930 | |a Colección General | ||
| 905 | |a 101 | ||
| 901 | |a 0500254130 |b IT1 |c ACC |i D73322 |u 20250521 | ||
| 902 | |a https://opac.biblio.iteso.mx/vufind/Record/000360919 | ||